[Event "AUT Bundesliga 2021-22"]
[Site "Graz"]
[Date "2022.04.21"]
[Round "9.30"]
[White "Tomazini, Zan"]
[Black "de Francesco, Klaus"]
[Result "1-0"]
[WhiteElo "2375"]
[BlackElo "2177"]
[Annotator "TA"]
[PlyCount "105"]
[EventDate "2021.01.17"]
[EventType "team-tourn"]
[EventCountry "AUT"]
[SourceTitle "playchess.com"]
[Source "ChessBase"]
[SourceQuality "1"]
[TimeControl "40/5400+30:1800+30"]

{[%evp 11,105,25,36,18,34,26,56,54,68,65,62,48,64,55,65,35,71,0,72,0,0,0,39,20,62,58,132,117,139,131,132,110,125,83,93,0,96,106,128,135,128,66,117,131,377,379,389,397,356,329,416,416,381,375,388,366,504,462,441,253,278,230,266,265,308,152,266,110,320,69,72,72,72,69,309,306,285,291,277,227,518,466,596,590,2558,2422,2407,2218,29973,29974,29984,29985,29987,29988,29989,29990]} 1. e4 {[%emt 0:00:04]} e6 {[%emt 0:00:08]} 2. d4 {[%emt 0:00:09]} d5 {[%emt 0:00:06]} 3. Nd2 {[%emt 0:00:08]} Nf6 {[%emt 0:00:12]} 4. e5 {[%emt 0:00:08]} Nfd7 {[%emt 0:00:07]} 5. Bd3 {[%emt 0:00:13]} c5 {[%emt 0:00:06]} 6. c3 {[%emt 0:00:04][%cal Bc2c3,Bc3c4,Bc4d5][%mdl 32]} b6 {[%emt 0:00:14]} 7. a4 {[%emt 0:02:39] C06: French Tarrasch: 3...Nf6 4 e5 Nfd7 5 Bd3 main lines.} a5 {[%emt 0:02:21]} 8. Ne2 {[%emt 0:02:12]} Ba6 {[%emt 0:00:26]} 9. Bb5 {[%emt 0:00:40] White is slightly better.} Qc8 {[%emt 0:00:40] [#]} 10. c4 $146 {[%emt 0:04:36]} ({Predecessor:} 10. O-O Nc6 11. c4 dxc4 12. Nxc4 Bxb5 13. axb5 Nxd4 14. Nxd4 cxd4 15. Qxd4 Qc5 16. Qd3 {1-0 (62) Barglowski,F (2335)-Skliarov,O (2098) Lvov 2013}) 10... Bxb5 {[%emt 0:04:45]} 11. axb5 {[%emt 0:04:21]} cxd4 {[%emt 0:02:10]} 12. cxd5 {[%emt 0:00:25]} Nxe5 {[%emt 0:04:22]} 13. O-O {[%emt 0:00:28]} Bc5 {[%emt 0:04:27]} 14. Nb3 {[%emt 0:06:08]} (14. dxe6 $16 O-O 15. Nb3) 14... O-O {[%emt 0:06:45]} (14... exd5 $11 15. Nexd4 O-O) 15. Nexd4 {[%emt 0:02:40]} (15. dxe6 $16 Qxe6 16. Nexd4 Bxd4 17. Nxd4) 15... exd5 $11 {[%emt 0:00:45]} 16. Bf4 {[%emt 0:04:17]} Ng6 {[%emt 0:01:56]} 17. Bg3 {[%emt 0:03:10]} Nd7 {[%emt 0:00:37]} 18. Nc6 {[%emt 0:02:18]} Nf6 {[%emt 0:01:36]} (18... Re8 $14) 19. Rc1 $1 $16 {[%emt 0:02:55]} Re8 {[%emt 0:09:44]} 20. Nxc5 {[%emt 0:02:58]} bxc5 {[%emt 0:00:07]} 21. Rxc5 {[%emt 0:00:11][%cal Oc6e7] Black must now prevent Ne7+!} Qb7 {[%emt 0:00:20] Prevents Ne7+.} 22. Qc2 {[%emt 0:09:13]} h5 {[%emt 0:04:28]} 23. h3 {[%emt 0:05:10]} (23. f3 $1 $16) 23... h4 {[%emt 0:02:42]} (23... Qb6 $1 $11 24. Nd4 Ne4 25. Rxd5 Nxg3 26. fxg3 Re5) 24. Bh2 $1 {[%emt 0:00:44]} Re4 {[%emt 0:03:55]} 25. f3 {[%emt 0:07:03]} Ree8 {[%emt 0:03:20]} 26. Rc1 {[%emt 0:03:59]} ({White should try} 26. Rd1 $16) 26... Nf8 {[%emt 0:02:09]} ({Better is} 26... Nh5 $1 $14) 27. Nd4 $36 {[%emt 0:08:11][%mdl 2048] White is really pushing.} N8d7 $2 {[%emt 0:11:22]} (27... Ne6 $16 {was worth a try.} 28. Nxe6 Rxe6) 28. Rc7 $18 {[%emt 0:00:41]} Qb6 {[%emt 0:00:12]} 29. Qf2 {[%emt 0:00:44]} a4 {[%emt 0:00:48]} 30. R7c6 {[%emt 0:03:12]} (30. Qxh4 a3 31. bxa3 Ra4 $16) 30... Qa5 {[%emt 0:00:19]} 31. Bc7 {[%emt 0:00:26]} Qb4 {[%emt 0:00:17]} 32. Bd6 {[%emt 0:01:10]} Qa5 {[%emt 0:00:23]} 33. Qxh4 {[%emt 0:01:36]} Ne5 {[%emt 0:01:16]} 34. Bxe5 {[%emt 0:02:40]} Rxe5 {[%emt 0:00:06]} 35. b6 {[%emt 0:05:57]} (35. Qg3 Rae8 36. Rxf6 Qd2 $18) (35. f4 $142 Rh5 36. Qe1 Qxe1+ 37. Rxe1) 35... Qb4 {[%emt 0:03:13]} 36. Qf2 {[%emt 0:03:27]} Rae8 {[%emt 0:03:04]} 37. Kh2 {[%emt 0:01:34]} Re3 {[%emt 0:05:11] [#]} 38. Rd1 {[%emt 0:01:20]} (38. Rc8 $1 $18 {Threatens to win with Qxe3.} R3e7 39. R1c6) 38... Nd7 {[%emt 0:02:03] [#]} (38... Nh5 $16 {is a better defense.} 39. h4 Kh8) 39. Qd2 {[%emt 0:08:33]} (39. Qg3 $1 $18 {and the rest is easy. Hoping for Nf5.} Ne5 40. Rcc1 (40. Nf5 $2 Nxf3+ 41. gxf3 Re2+ 42. Kg1 Re1+ 43. Rxe1 Rxe1+ 44. Qxe1 Qxe1+ 45. Kg2 Qe2+ 46. Kg3 Qb5 $19) 40... Nxf3+ 41. Nxf3 Qxb6 42. Rxd5) 39... Qe7 $2 {[%emt 0:03:37]} (39... Qxd2 $16 40. Rxd2 Rb8) 40. Nf5 $2 {[%emt 0:00:00]} ({White should play} 40. Rdc1 $18) 40... Qe5+ $14 {[%emt 0:00:00]} 41. Ng3 {[%emt 0:02:13] White is much more active.} Nf6 {[%emt 0:04:13]} 42. Qd4 {[%emt 0:01:59] b7 is the strong threat.} Qb8 {[%emt 0:01:12]} (42... Rb3 $14) 43. Rxf6 $18 {[%emt 0:05:06]} (43. Qxa4 {[#]} Rxf3 $1 44. Qh4 Rf4 $17) ({Weaker is} 43. Rc7 Rb3 $11) 43... gxf6 {[%emt 0:00:55]} 44. Qg4+ {[%emt 0:00:40]} ({Stronger than} 44. Qxf6 R3e6 45. Qh4 Rxb6 $11) 44... Kf8 {[%emt 0:01:30]} 45. Rxd5 {[%emt 0:00:53]} R3e5 $2 {[%emt 0:01:20]} (45... R8e5 46. Qb4+ Kg7 47. Rxe5 Rxe5) 46. Qb4+ {[%emt 0:02:40]} Kg8 {[%emt 0:01:50]} 47. Rd7 {[%emt 0:02:31]} f5 {[%emt 0:07:57]} 48. b7 {[%emt 0:02:06]} R5e6 {[%emt 0:01:23]} 49. f4 {[%emt 0:01:48] Intending Qd4 and mate.} Rg6 {[%emt 0:14:41]} 50. Qd4 {[%emt 0:01:23] White mates.} Rg7 {[%emt 0:06:43]} 51. Nxf5 {[%emt 0:01:21][%csl Gf5][%cal Rd4g7,Bg3f5,Bf5e7,Be7c6][%mdl 32]} Rh7 {[%emt 0:00:42]} 52. Ne7+ {[%emt 0:02:23]} Kf8 {[%emt 0:00:51]} 53. Nc6 {[%emt 0:00:42] Weighted Error Value: White=0.30/Black=0.69} 1-0

[Event "AUT Bundesliga 2021-22"]
[Site "Graz"]
[Date "2022.04.21"]
[Round "9.31"]
[White "Bosiocic, Marin"]
[Black "Horvath, Dominik"]
[Result "1-0"]
[WhiteElo "2522"]
[BlackElo "2483"]
[Annotator "TA"]
[PlyCount "59"]
[EventDate "2021.01.17"]
[EventType "team-tourn"]
[EventCountry "AUT"]
[SourceTitle "playchess.com"]
[Source "ChessBase"]
[SourceQuality "1"]
[TimeControl "40/5400+30:1800+30"]

{[%evp 16,59,7,7,17,22,13,14,17,18,49,50,52,52,61,63,73,76,86,68,77,83,81,77,108,89,138,132,199,202,192,187,199,147,251,248,234,225,476,418,591,636,675,662,623,560]} 1. Nf3 {[%emt 0:00:30]} Nf6 {[%emt 0:01:52]} 2. g3 {[%emt 0:00:00]} g6 {[%emt 0:00:10]} 3. Bg2 {[%emt 0:00:00]} Bg7 {[%emt 0:00:03]} 4. O-O {[%emt 0:00:01]} O-O {[%emt 0:00:58]} 5. c4 {[%emt 0:00:06]} d6 {[%emt 0:06:44]} 6. b3 {[%emt 0:00:41]} e5 {[%emt 0:02:21]} 7. Bb2 {[%emt 0:00:10]} Re8 {[%emt 0:03:02]} 8. d3 {[%emt 0:00:17]} Nc6 {[%emt 0:01:37]} 9. Nc3 {[%emt 0:00:28]} Bf5 {[%emt 0:05:25] A15: English Opening: 1...Nf6.} 10. h3 {[%emt 0:02:35]} h6 {[%emt 0:08:13] [#]} 11. Rc1 $5 $146 {[%emt 0:01:47][%mdl 8] New and interesting.} ({Predecessor:} 11. e4 Bd7 12. a3 Nh7 13. Nd5 Ng5 14. Kh2 Nxf3+ 15. Bxf3 Nd4 16. Rg1 c6 17. Ne3 {½-½ (26) Jablonicky,F-Banas,J (2355) Detva 1977}) 11... Qd7 {[%emt 0:04:10] The position is equal.} 12. Kh2 {[%emt 0:00:15]} Nh7 {[%emt 0:06:31]} 13. Qd2 {[%emt 0:00:54]} Be6 {[%emt 0:02:15]} 14. Nd5 {[%emt 0:01:16]} Nd8 {[%emt 0:04:09]} 15. e4 {[%emt 0:01:57]} c6 {[%emt 0:04:28]} 16. Ne3 {[%emt 0:00:04] &Bianco is much more active.} c5 {[%emt 0:04:56] Prevents d4.} 17. Nh4 {[%emt 0:02:50]} Qe7 {[%emt 0:06:08]} 18. Nd5 {[%emt 0:01:20]} Bxd5 {[%emt 0:00:04]} 19. cxd5 {[%emt 0:00:13]} Rf8 {[%emt 0:04:18]} 20. Qe1 {[%emt 0:00:58]} Bf6 {[%emt 0:00:45]} ({Better is} 20... Nf6) 21. f4 $16 {[%emt 0:03:06]} exf4 {[%emt 0:06:22]} (21... b6 $16 {might work better.}) 22. Bxf6 $18 {[%emt 0:00:13]} Nxf6 {[%emt 0:00:02]} 23. gxf4 {[%emt 0:00:07]} ({Resist} 23. Rxf4 $6 Nd7 $16) 23... Kh7 {[%emt 0:02:03]} 24. Bf3 {[%emt 0:00:33]} (24. e5 $18) 24... Nd7 {[%emt 0:00:43]} (24... Rg8 $16 {was called for.} 25. e5 Nd7) 25. Qg3 {[%emt 0:00:12]} Rg8 {[%emt 0:00:09]} 26. Rce1 {[%emt 0:01:01]} f6 $2 {[%emt 0:07:27]} (26... a5 27. Rg1 a4) 27. Rg1 {[%emt 0:01:04]} Nf8 {[%emt 0:00:06] [#]} (27... g5 {was necessary.} 28. Bg4 Kh8) 28. Nf5 $1 {[%emt 0:01:35][%mdl 512] White is clearly winning.} Qd7 {[%emt 0:00:03] [#]} (28... Qc7 29. Qh4) 29. Bg4 $1 {[%emt 0:01:27][%cal Of5h6] And now Nxh6! would win.} Qc7 {[%emt 0:04:47] [#]} 30. Qh4 $1 {[%emt 0:00:57] Weighted Error Value: White=0.07 (flawless) /Black=0.38} 1-0

[Event "AUT Bundesliga 2021-22"]
[Site "Graz"]
[Date "2022.04.21"]
[Round "9.32"]
[White "Rubil, Marko"]
[Black "Brkic, Ante"]
[Result "0-1"]
[WhiteElo "2293"]
[BlackElo "2607"]
[Annotator "TA"]
[PlyCount "68"]
[EventDate "2021.01.17"]
[EventType "team-tourn"]
[EventCountry "AUT"]
[SourceTitle "playchess.com"]
[Source "ChessBase"]
[SourceQuality "1"]
[TimeControl "40/5400+30:1800+30"]

{[%evp 16,68,38,37,52,20,39,10,16,0,0,0,0,-30,-25,-27,-35,-29,-29,-47,-21,-95,-81,-84,-83,-112,-91,-96,-83,-83,-82,-78,-54,-60,-20,-70,10,0,18,-15,14,-231,-228,-199,-149,-625,-618,-629,-129,-620,-587,-29994,-29995,-29995,-29996]} 1. e4 {[%emt 0:00:03]} e5 {[%emt 0:00:10]} 2. Nf3 {[%emt 0:00:08]} Nc6 {[%emt 0:00:05]} 3. Bb5 {[%emt 0:00:08][%cal Bf1b5,Bb5a4,Ba4b3][%mdl 32]} a6 {[%emt 0:00:04]} 4. Ba4 {[%emt 0:00:04]} Nf6 {[%emt 0:00:05]} 5. O-O {[%emt 0:00:07]} b5 {[%emt 0:00:24]} 6. Bb3 {[%emt 0:00:05]} Bc5 {[%emt 0:00:06]} 7. c3 {[%emt 0:04:32]} d6 {[%emt 0:01:44]} 8. d4 {[%emt 0:01:04]} Bb6 {[%emt 0:00:11]} 9. a4 {[%emt 0:07:22]} Bg4 {[%emt 0:04:01] C78: Ruy Lopez: Archangelsk and Möller Defences.} 10. Bg5 {[%emt 0:13:49] Bd5 is the strong threat.} (10. h3 $5 {[%cal Rh3g4]} Bxf3 11. Qxf3 $14) 10... Rb8 $1 {[%emt 0:00:46]} 11. axb5 {[%emt 0:15:29]} axb5 {[%emt 0:00:11] The position is equal.} 12. d5 {[%emt 0:02:11]} Ne7 {[%emt 0:03:00]} 13. Qd3 {[%emt 0:08:35]} Nd7 {[%emt 0:02:53]} 14. Nfd2 {[%emt 0:09:38]} ({Much worse is} 14. h3 Nc5 $1 15. Qd1 (15. Qxb5+ $2 Bd7 $19) 15... Bxf3 16. gxf3 Nxb3 17. Qxb3 O-O $17) 14... f6 {[%emt 0:16:09]} 15. Be3 {[%emt 0:01:00] [#]} Nc5 $146 {[%emt 0:07:38]} ({Predecessor:} 15... O-O 16. Bxb6 Rxb6 17. Na3 Ng6 18. Qe3 Nc5 19. Bc2 f5 20. f3 Bh5 21. exf5 Nf4 {1-0 (47) Hofer,R (2353)-Keller,P (2233) ICCF email 2009}) 16. Bxc5 {[%emt 0:03:54]} ({Don't go for} 16. Qxb5+ $2 Bd7 17. Qe2 (17. Qc4 $2 Nxb3 18. Qxb3 Bxe3 $19) 17... Nxb3 $19) 16... Bxc5 {[%emt 0:00:05]} 17. Qg3 {[%emt 0:00:35]} Qd7 {[%emt 0:02:53]} 18. c4 {[%emt 0:03:02]} (18. h3 $11 Bh5 19. Qxg7) 18... O-O $1 $17 {[%emt 0:01:21]} 19. Nc3 {[%emt 0:05:59] Against Be2} bxc4 {[%emt 0:08:24]} 20. Ba4 {[%emt 0:00:25]} Qc8 {[%emt 0:00:05] &Nero is more active.} 21. Nxc4 {[%emt 0:00:48]} Bh5 {[%emt 0:05:59]} 22. Kh1 {[%emt 0:01:26]} Bf7 {[%emt 0:26:50]} 23. Qd3 {[%emt 0:04:50]} f5 {[%emt 0:05:25]} 24. f3 {[%emt 0:00:45]} Ng6 {[%emt 0:04:49]} 25. Ne2 {[%emt 0:00:42]} ({White should try} 25. exf5 $11 Nf4 26. Qc2) 25... f4 {[%emt 0:01:19]} ({Black should play} 25... fxe4 $15 26. fxe4 Nh4) 26. Ra2 {[%emt 0:00:44]} Qd8 {[%emt 0:03:42]} 27. Na5 {[%emt 0:03:58]} Nh4 {[%emt 0:00:13] White must now prevent ...Qg5.} 28. g3 $2 {[%emt 0:00:38]} (28. Nc3 $11 {and White has nothing to worry.}) 28... fxg3 $19 {[%emt 0:00:13]} 29. hxg3 {[%emt 0:00:01] [#]} Bh5 {[%emt 0:03:53]} (29... Nxf3 $1 $19 {[%mdl 512] Strongly threatening ...Bh5.} 30. Rxf3 Qg5) 30. Nc6 $2 {[%emt 0:05:19][%mdl 8192]} (30. f4 $17 exf4 31. Nxf4) 30... Qg5 {[%emt 0:00:17][%cal Rh5f3]} 31. gxh4 {[%emt 0:05:50]} Qxh4+ $40 {[%emt 0:00:03][%mdl 128] Black is out for blood.} 32. Kg2 {[%emt 0:00:01] [#]} Bg4 $1 {[%emt 0:01:15][%mdl 512] ( -> ...Qh3#)} 33. fxg4 {[%emt 0:02:25]} (33. f4 Bxe2) 33... Rxf1 {[%emt 0:00:29]} 34. Ne7+ {[%emt 0:01:11]} Kf7 {[%emt 0:00:39] Weighted Error Value: White=0.72/Black=0.12 (very precise)} 0-1

[Event "AUT Bundesliga 2021-22"]
[Site "Graz"]
[Date "2022.04.21"]
[Round "9.33"]
[White "Heberla, Bartlomiej"]
[Black "Vitouch, Anatol"]
[Result "1-0"]
[WhiteElo "2570"]
[BlackElo "2245"]
[Annotator "TA"]
[PlyCount "65"]
[EventDate "2021.01.17"]
[EventType "team-tourn"]
[EventCountry "AUT"]
[SourceTitle "playchess.com"]
[Source "ChessBase"]
[SourceQuality "1"]
[TimeControl "40/5400+30:1800+30"]

{[%evp 9,65,3,8,7,0,2,31,36,40,39,36,0,36,28,50,19,65,20,29,18,27,0,0,0,0,0,19,0,24,26,53,39,84,108,95,95,95,95,118,115,115,116,140,139,161,132,209,200,235,232,194,196,575,566,577,536,29978,29975]} 1. d4 {[%emt 0:01:11]} d5 {[%emt 0:00:06]} 2. c4 {[%emt 0:00:04]} dxc4 {[%emt 0:00:05]} 3. e3 {[%emt 0:00:03]} e5 {[%emt 0:00:14]} 4. Bxc4 {[%emt 0:02:54]} exd4 {[%emt 0:00:07]} 5. Nf3 {[%emt 0:00:20]} Bb4+ {[%emt 0:00:43]} 6. Bd2 {[%emt 0:01:16] D20: Queen's Gambit Accepted: 3 e3 and 3 e4.} Bxd2+ {[%emt 0:00:12]} 7. Qxd2 {[%emt 0:00:03]} (7. Kxd2 dxe3+ 8. Ke2 Qf6 $17) 7... dxe3 {[%emt 0:01:47] [#] 7...Nc6 is the modern continuation.} 8. Bxf7+ $1 {[%emt 0:06:11] White is slightly better.} Ke7 {[%emt 0:05:13]} 9. Qxd8+ {[%emt 0:00:23]} ({Worse is} 9. Qxe3+ Kxf7 10. Ne5+ Kf8 $17) 9... Kxd8 {[%emt 0:00:06]} 10. Nc3 {[%emt 0:00:40] [#]} c6 $146 {[%emt 0:06:15]} ({Predecessor:} 10... Nf6 11. fxe3 Ke7 12. Bc4 c6 13. O-O b5 14. Be2 a6 15. e4 Nbd7 16. e5 Ng4 {1-0 (41) Cech,P (2360)-Djurkovic,M (2105) Ceske Budejovice 1995}) 11. O-O {[%emt 0:08:59]} Nh6 {[%emt 0:02:14]} 12. Bb3 {[%emt 0:01:33]} Na6 {[%emt 0:08:26]} (12... Nd7 $11 {feels stronger.}) 13. Rad1+ {[%emt 0:21:27]} Kc7 {[%emt 0:00:48]} 14. fxe3 {[%emt 0:00:06]} Bg4 {[%emt 0:12:54]} 15. h3 {[%emt 0:08:23]} Bxf3 {[%emt 0:01:27]} 16. gxf3 {[%emt 0:00:03]} Nf5 {[%emt 0:02:31]} 17. Kf2 $36 {[%emt 0:00:13][%mdl 2048] White has the initiative.} Rad8 {[%emt 0:02:51]} 18. Ne4 {[%emt 0:01:56]} Rhe8 {[%emt 0:06:18]} 19. a3 {[%emt 0:05:28]} h6 {[%emt 0:02:40]} 20. Bc2 {[%emt 0:04:32]} Nd6 {[%emt 0:02:16]} 21. Nxd6 {[%emt 0:02:29]} Rxd6 {[%emt 0:00:06]} 22. Rxd6 {[%emt 0:00:04]} Kxd6 $16 {[%emt 0:00:06][%mdl 4096] Endgame KRB-KRN} 23. Rg1 {[%emt 0:00:06] Strongly threatening Rg6+.} Re7 {[%emt 0:01:56]} 24. f4 {[%emt 0:02:19]} Nc5 {[%emt 0:00:46]} 25. Kf3 {[%emt 0:02:00]} Ne6 {[%emt 0:00:21]} 26. h4 {[%emt 0:00:30] Prevents g5.} Kc5 {[%emt 0:02:51]} 27. Bf5 {[%emt 0:03:55] [#] Hoping for Bxe6.} Nd8 {[%emt 0:02:09]} (27... Nc7 $16 {was necessary.} 28. Rc1+ Kb6) 28. e4 $18 {[%emt 0:00:54][%cal Be3e4,Be4e5][%mdl 32]} Kc4 {[%emt 0:02:38]} 29. Rd1 {[%emt 0:04:33]} Nf7 {[%emt 0:00:29]} 30. e5 {[%emt 0:00:02]} h5 $2 {[%emt 0:02:55]} (30... Nxe5+ {is a better chance.} 31. fxe5 Rxe5) 31. Rd7 {[%emt 0:14:03]} Rxd7 {[%emt 0:02:27]} 32. Bxd7 {[%emt 0:00:02] aiming for Be6+.} Kb3 {[%emt 0:01:03]} 33. Be6+ {[%emt 0:00:06] Weighted Error Value: White=0.09 (flawless) /Black=0.63} 1-0

[Event "AUT Bundesliga 2021-22"]
[Site "Graz"]
[Date "2022.04.21"]
[Round "9.34"]
[White "Kuthan, Andreas"]
[Black "Martinovic, Sasa"]
[Result "0-1"]
[WhiteElo "2250"]
[BlackElo "2554"]
[Annotator "TA"]
[PlyCount "46"]
[EventDate "2021.01.17"]
[EventType "team-tourn"]
[EventCountry "AUT"]
[SourceTitle "playchess.com"]
[Source "ChessBase"]
[SourceQuality "1"]
[TimeControl "40/5400+30:1800+30"]

{[%evp 14,46,20,20,20,17,27,24,24,14,12,8,16,6,17,-38,-31,-29,-22,-89,-83,-93,-89,-95,-95,-91,-88,-97,-91,-97,-90,-384,-368,-356,-331]} 1. e4 {[%emt 0:00:02]} e6 {[%emt 0:00:04]} 2. d4 {[%emt 0:00:07]} d5 {[%emt 0:00:05]} 3. exd5 {[%emt 0:00:13]} exd5 {[%emt 0:00:05]} 4. Nf3 {[%emt 0:00:02]} Nf6 {[%emt 0:00:09]} 5. Bd3 {[%emt 0:00:07]} c5 {[%emt 0:00:07][%cal Bc7c5,Bc5c4][%mdl 32]} 6. O-O {[%emt 0:00:38]} c4 {[%emt 0:00:07]} 7. Re1+ {[%emt 0:00:05]} Be7 {[%emt 0:00:07]} 8. Bf1 {[%emt 0:00:05]} O-O {[%emt 0:00:09] C01: French: Exchange Variation.} 9. b3 {[%emt 0:00:56]} cxb3 {[%emt 0:00:10]} 10. axb3 {[%emt 0:00:05]} Nc6 {[%emt 0:00:05] White has an edge.} 11. Ne5 {[%emt 0:01:49]} Nxe5 {[%emt 0:00:24]} 12. dxe5 {[%emt 0:02:17]} Ne4 {[%emt 0:00:27] [#] aiming for ...Bc5.} 13. Be3 {[%emt 0:02:05] [#]} Bf5 $146 {[%emt 0:06:07]} ({Predecessor:} 13... Be6 14. f3 Nc5 15. Nd2 Qc7 16. Bd4 a5 17. f4 Bf5 18. g4 Ne6 19. gxf5 Nxd4 {0-1 (36) Kleibel,U (2142)-Muckle,J (2395) Neustadt an der Weinstrasse 2020}) 14. Nd2 {[%emt 0:29:35]} (14. Bd3 $11) 14... Nc3 $15 {[%emt 0:18:16]} 15. Qf3 {[%emt 0:02:50]} d4 {[%emt 0:10:40]} 16. Qxf5 {[%emt 0:27:16]} (16. Bf4 $1 $11) 16... dxe3 $17 {[%emt 0:00:03]} 17. Nc4 {[%emt 0:03:21] [#]} g6 $1 {[%emt 0:00:06]} 18. Qf3 {[%emt 0:01:07]} exf2+ {[%emt 0:00:05]} 19. Qxf2 {[%emt 0:00:08]} b5 $36 {[%emt 0:15:14][%mdl 2048] Keeping White busy.} 20. Nd6 {[%emt 0:03:03]} Bxd6 {[%emt 0:00:07]} 21. exd6 {[%emt 0:00:01]} Qxd6 {[%emt 0:00:08]} 22. Rxa7 $2 {[%emt 0:00:24][%mdl 8192]} (22. Qf3 $17 Qd4+ 23. Qf2 Qxf2+ 24. Kxf2) 22... Nd1 $19 {[%emt 0:00:56]} 23. Rxa8 {[%emt 0:04:18]} Rxa8 {[%emt 0:02:27] Weighted Error Value: White=0.54/Black=0.00 (flawless)} (23... Nxf2 $2 {loses.} 24. Rxf8+ Kxf8 25. Kxf2 $19) 0-1

[Event "AUT Bundesliga 2021-22"]
[Site "Graz"]
[Date "2022.04.21"]
[Round "9.35"]
[White "Saric, Ante"]
[Black "Boric, Elena"]
[Result "1-0"]
[WhiteElo "2514"]
[BlackElo "2191"]
[Annotator "TA"]
[PlyCount "93"]
[EventDate "2021.01.17"]
[EventType "team-tourn"]
[EventCountry "AUT"]
[SourceTitle "playchess.com"]
[Source "ChessBase"]
[SourceQuality "1"]
[TimeControl "40/5400+30:1800+30"]

{[%evp 16,93,48,35,49,35,45,40,33,37,70,71,85,85,86,75,77,69,103,87,117,87,94,82,83,55,55,43,133,127,108,121,133,117,112,129,104,131,136,107,150,129,322,317,333,290,263,232,420,418,442,335,288,211,541,543,549,459,500,483,533,521,3111,2892,2507,2286,5754,5339,6145,6141,4910,2353,12822,11623,29991,29992,29992,29990,29990,2327]} 1. Nf3 {[%emt 0:00:06]} d6 {[%emt 0:00:28]} 2. d4 {[%emt 0:00:06]} f5 {[%emt 0:00:22]} 3. g3 {[%emt 0:01:08]} Nf6 {[%emt 0:00:21]} 4. Bg2 {[%emt 0:00:07]} g6 {[%emt 0:00:22]} 5. O-O {[%emt 0:00:11]} Bg7 {[%emt 0:00:10]} 6. b3 {[%emt 0:00:06]} O-O {[%emt 0:00:21]} 7. Bb2 {[%emt 0:00:04]} Ne4 {[%emt 0:03:53]} 8. Nbd2 {[%emt 0:00:06]} c6 {[%emt 0:02:58]} 9. c4 {[%emt 0:05:56]} e6 {[%emt 0:07:08] A87: Dutch Defence: Leningrad System: 5 Nf3.} 10. Nxe4 {[%emt 0:06:39]} fxe4 {[%emt 0:00:07]} 11. Ne1 {[%emt 0:00:15]} d5 $1 {[%emt 0:01:05] White is slightly better.} 12. f3 {[%emt 0:00:22]} exf3 {[%emt 0:01:16]} 13. Nxf3 {[%emt 0:02:16] [#]} Nd7 $146 {[%emt 0:03:45]} ({Predecessor:} 13... dxc4 14. bxc4 c5 15. e3 Nc6 16. Qd2 Na5 17. Rac1 Qc7 18. d5 Bxb2 19. Qxb2 exd5 20. cxd5 {½-½ (86) Tsakiris,H (2162)-Papasimakopoulos,V (1848) Achaia 2013}) 14. Qc2 {[%emt 0:08:28]} a5 {[%emt 0:05:47]} 15. e4 {[%emt 0:06:04][%cal Be2e4,Be4e5][%mdl 32]} Nf6 {[%emt 0:02:39]} 16. Ba3 {[%emt 0:15:23]} Re8 {[%emt 0:15:46]} 17. e5 {[%emt 0:00:56]} (17. Ne5 {keeps more tension.} a4 18. bxa4 dxe4 19. Rad1) 17... Ng4 {[%emt 0:02:25]} 18. Rae1 {[%emt 0:10:32] Against Ne3} b5 {[%emt 0:08:23]} 19. h3 {[%emt 0:08:21]} Nh6 {[%emt 0:00:09]} 20. cxb5 {[%emt 0:03:27] &Bianco is more active.} cxb5 {[%emt 0:00:13]} 21. Bc5 {[%emt 0:00:14]} Nf5 {[%emt 0:02:28]} (21... b4 $14) 22. Qf2 $1 $16 {[%emt 0:07:42]} b4 {[%emt 0:01:16]} 23. g4 {[%emt 0:00:13]} Nh6 {[%emt 0:00:25]} 24. Qe3 $36 {[%emt 0:00:13][%mdl 2048] Keeping Black busy.} Nf7 {[%emt 0:04:24]} 25. g5 {[%emt 0:00:58]} Ba6 {[%emt 0:08:07]} 26. Rf2 {[%emt 0:00:10]} Rc8 {[%emt 0:00:43]} 27. h4 {[%emt 0:04:19]} Qd7 {[%emt 0:06:00]} 28. Rc1 {[%emt 0:04:57]} Nd8 $2 {[%emt 0:05:35] [#] Black cannot hold the game after this.} (28... Bb5 $16 29. Nh2 h5) 29. Nh2 $1 $18 {[%emt 0:03:00]} Nb7 {[%emt 0:00:30] [#]} 30. Ng4 $1 {[%emt 0:01:02]} Nxc5 {[%emt 0:00:41]} 31. dxc5 {[%emt 0:00:11][%cal Bd4c5,Bc5c6][%mdl 32]} d4 $2 {[%emt 0:04:13]} (31... Qc6 {was necessary.} 32. Nf6+ Kh8) 32. Qe4 {[%emt 0:00:13]} d3 {[%emt 0:00:39]} 33. c6 {[%emt 0:00:34]} Qa7 {[%emt 0:01:12]} 34. Nf6+ {[%emt 0:01:42]} Bxf6 $2 {[%emt 0:00:34]} (34... Kh8) 35. exf6 {[%emt 0:00:04]} Kf7 {[%emt 0:01:02]} 36. Qe5 {[%emt 0:00:48]} Qc7 {[%emt 0:05:42]} 37. Rc5 {[%emt 0:00:13]} Red8 {[%emt 0:01:58] Threatens to win with ...Qxe5.} 38. Rd2 {[%emt 0:00:46]} Bb7 {[%emt 0:04:07]} 39. Qxc7+ {[%emt 0:01:24]} Rxc7 {[%emt 0:00:03] [#]} 40. Rxd3 $3 {[%emt 0:00:00][%cal Oc6b7][%mdl 512]} Rxd3 {[%emt 0:00:00] [#]} (40... Rb8 41. Rb5) 41. cxb7 $1 {[%emt 0:01:16][%mdl 4096] Endgame KRR-KRB} Rd1+ {[%emt 0:03:17]} (41... Rxb7 42. Bxb7) 42. Kh2 {[%emt 0:00:10]} Rxb7 {[%emt 0:01:08]} 43. Bxb7 {[%emt 0:00:05] Rc7+ is the strong threat.} Rd2+ {[%emt 0:00:07]} 44. Kg3 {[%emt 0:00:04] White wants to mate with Rc7+.} Rxa2 {[%emt 0:00:07]} 45. Rc7+ {[%emt 0:00:04] White mates.} Kg8 {[%emt 0:00:58]} 46. Bc8 {[%emt 0:00:05]} Re2 {[%emt 0:00:45]} 47. Re7 {[%emt 0:00:11] Weighted Error Value: White=0.14 (very precise) /Black=0.61} (47. Bd7 $142 Re3+ 48. Kf4 Rc3 49. Bxe6+ Kh8 50. Ra7 h6 51. Ra8+ Rc8 52. Rxc8+ Kh7 53. f7 hxg5+ 54. hxg5 a4 55. f8=Q axb3 56. Qh8#) 1-0